[Event "11th EUR-ch"]
[Site "Rijeka CRO"]
[Date "2010.03.07"]
[Round "2"]
[White "Stefan, Mario"]
[Black "Pavlidis, Antonios"]
[Result "0-1"]
[WhiteElo "1968"]
[BlackElo "2376"]
[EventDate "2010.03.06"]
[PlyCount "54"]

1.e4 e5 2.Nf3 Nc6 3.Bc4 Nf6 4.Ng5 d5 5.exd5 b5 6.Bf1 Nd4 7.c3 Nxd5 8.Nxf7 
Kxf7 9.cxd4 e4 10.Bxb5 Nf4 11.g3 Ne6 12.Bc6 Ng5 13.O-O Ba6 14.Bxa8 Qxa8 
15.Qh5+ Kf6 16.d3 Nf3+ 17.Kg2 g6 18.Qa5 Bxd3 19.Be3 h5 20.h4 Qc8 21.Rc1 
Nxh4+ 22.Kh2 Nf3+ 23.Kg2 Nh4+ 24.Kh2 Nf3+ 25.Kg2 Bd6 26.Nd2 h4 27.Rh1 h3+ 
0-1

[Event "11th EUR-ch"]
[Site "Rijeka CRO"]
[Date "2010.03.07"]
[Round "2"]
[White "Mazi, Leon"]
[Black "Porfireanu, Serban"]
[Result "1-0"]
[WhiteElo "2375"]
[BlackElo "2034"]
[EventDate "2010.03.06"]
[PlyCount "99"]

1.e4 c6 2.d4 d5 3.Nc3 dxe4 4.Nxe4 Bf5 5.Nc5 Qb6 6.Nb3 Nf6 7.Nf3 Nbd7 8.a4 
a5 9.Be2 e6 10.O-O Bd6 11.Nbd2 Qa7 12.Nc4 Bc7 13.c3 O-O 14.Re1 h6 15.h3 
Rad8 16.Bf1 Qb8 17.Qe2 Be4 18.Be3 Bd5 19.Ncd2 Rfe8 20.Ne5 Bxe5 21.dxe5 
Qxe5 22.c4 Be4 23.Nxe4 Qxe4 24.Qd2 Qh7 25.Qxa5 e5 26.Red1 e4 27.Rd6 Ra8 
28.Qd2 Ne5 29.a5 Qg6 30.Kh1 Kh7 31.b4 Qf5 32.Bf4 Ng6 33.Be3 Ne5 34.Ra3 Nh5
35.Be2 Nf6 36.b5 cxb5 37.cxb5 Ng6 38.a6 bxa6 39.bxa6 Reb8 40.Ra1 Qe5 41.
Qd4 Rb2 42.Bf1 Rb4 43.Qxe5 Nxe5 44.a7 Rb7 45.Kg1 Ne8 46.Rd5 f6 47.Rb5 Rd7 
48.Rb8 Nc7 49.Rc1 Rd8 50.Rxd8 1-0

[Event "11th EUR-ch"]
[Site "Rijeka CRO"]
[Date "2010.03.07"]
[Round "2"]
[White "Gradiser, Dragoljub"]
[Black "Jacobsen, Bo"]
[Result "1-0"]
[WhiteElo "1954"]
[BlackElo "2375"]
[EventDate "2010.03.06"]
[PlyCount "63"]

1.e4 g6 2.d4 Bg7 3.Nf3 d6 4.Bf4 Nc6 5.c3 Nf6 6.Bd3 O-O 7.h3 Nh5 8.Bh2 e5 
9.d5 Ne7 10.g4 Nf4 11.Bxf4 exf4 12.Qd2 f5 13.gxf5 gxf5 14.Na3 c5 15.O-O-O 
Ng6 16.h4 Ne5 17.Nxe5 Bxe5 18.f3 Qf6 19.Nc4 fxe4 20.Bxe4 Bf5 21.Rdg1+ Kh8 
22.Bxf5 Qxf5 23.Rg5 Qf6 24.Nxe5 dxe5 25.Qd3 Rae8 26.Qe4 Re7 27.c4 a6 28.
Re1 Rfe8 29.Qf5 Qxf5 30.Rxf5 Kg7 31.Rg1+ Kh6 32.Rgg5 1-0

[Event "11th EUR-ch"]
[Site "Rijeka CRO"]
[Date "2010.03.07"]
[Round "2"]
[White "Dragomirescu, Robin-Alexandru"]
[Black "Bar, Aviv"]
[Result "0-1"]
[WhiteElo "2372"]
[BlackElo "2022"]
[EventDate "2010.03.06"]
[PlyCount "66"]

1.e4 c5 2.Nf3 d6 3.d4 cxd4 4.Nxd4 Nf6 5.Nc3 a6 6.Be3 e5 7.Nb3 Be7 8.f3 O-O
9.Qd2 Be6 10.O-O-O Nbd7 11.g4 b5 12.g5 b4 13.Ne2 Ne8 14.f4 a5 15.f5 a4 16.
fxe6 axb3 17.cxb3 fxe6 18.Ng3 Rf3 19.Kb1 Qa5 20.Bc4 Nc7 21.Nf5 Bf8 22.Nxd6
Bxd6 23.Qxd6 Rxe3 24.Bxe6+ Kh8 25.a4 Nxe6 26.Qxe6 Nc5 27.Qe7 Rd3 28.Rdf1 
Rdd8 29.Rf7 Nxb3 30.Rxg7 Nd2+ 31.Kc1 Rac8+ 32.Kd1 Nxe4+ 33.Ke2 Qa6+ 0-1

[Event "11th EUR-ch"]
[Site "Rijeka CRO"]
[Date "2010.03.07"]
[Round "2"]
[White "Slavin, Alexei"]
[Black "Klasan, Elvis"]
[Result "1-0"]
[WhiteElo "2368"]
[BlackElo "1995"]
[EventDate "2010.03.06"]
[PlyCount "63"]

1.d4 g6 2.c4 Bg7 3.e4 d6 4.Nf3 Nf6 5.Nc3 O-O 6.h3 c6 7.Bg5 Qc7 8.Be2 b6 9.
O-O Bb7 10.e5 Ne8 11.Qd2 dxe5 12.dxe5 Bxe5 13.Nxe5 Qxe5 14.Bg4 Qc7 15.Rfe1
e6 16.Rad1 h5 17.Bxh5 Na6 18.Bf3 f6 19.Bh6 Ng7 20.Bxg7 Kxg7 21.Rxe6 Rf7 
22.a3 Nc5 23.Rd6 Re8 24.b4 Na6 25.h4 Nb8 26.h5 Rh8 27.hxg6 Re7 28.g3 a6 
29.c5 Rh6 30.Qf4 Rxg6 31.cxb6 Qxb6 32.Nd5 1-0

[Event "11th EUR-ch"]
[Site "Rijeka CRO"]
[Date "2010.03.07"]
[Round "2"]
[White "Jokic, Miljenko"]
[Black "Bentivegna, Francesco"]
[Result "0-1"]
[WhiteElo "1949"]
[BlackElo "2361"]
[EventDate "2010.03.06"]
[PlyCount "72"]

1.e4 e5 2.Nf3 Nc6 3.Bc4 Nf6 4.d3 Be7 5.O-O O-O 6.Bg5 d6 7.h3 Na5 8.Nbd2 c6
9.b4 Nxc4 10.Nxc4 Be6 11.Na5 Qc7 12.c4 Rad8 13.Nb3 h6 14.Be3 b6 15.Qc2 c5 
16.b5 Nh5 17.Rfc1 f5 18.exf5 Bxf5 19.g4 Bh7 20.Ne1 Nf4 21.Bxf4 Rxf4 22.Nd2
Rdf8 23.f3 R4f7 24.Ne4 Bh4 25.Ng2 Qe7 26.Rf1 Rxf3 27.Rxf3 Rxf3 28.Rf1 Rxh3
29.Qe2 Bg6 30.Rf3 Rxf3 31.Qxf3 Bg5 32.Nf2 Kh7 33.Qa8 Bf4 34.Qd5 Qg5 35.
Qxd6 Bg3 36.Ne1 Qd2 0-1

[Event "11th EUR-ch"]
[Site "Rijeka CRO"]
[Date "2010.03.07"]
[Round "2"]
[White "Hoffmann, Paul"]
[Black "Zrilic, Bozo"]
[Result "1-0"]
[WhiteElo "2361"]
[BlackElo "1964"]
[EventDate "2010.03.06"]
[PlyCount "47"]

1.e4 Nf6 2.e5 Nd5 3.d4 d6 4.c4 Nb6 5.exd6 cxd6 6.d5 g6 7.Qd4 f6 8.h4 Bg7 
9.h5 e5 10.Qc3 Qc7 11.Na3 Bd7 12.hxg6 hxg6 13.Rxh8+ Bxh8 14.Qg3 Kf7 15.Bd3
f5 16.Nh3 e4 17.Nf4 exd3 18.Qxg6+ Kf8 19.Qh7 Bg7 20.Ng6+ Kf7 21.Bh6 d2+ 
22.Kf1 Nxd5 23.Qxg7+ Ke6 24.Nf8# 1-0

[Event "11th EUR-ch"]
[Site "Rijeka CRO"]
[Date "2010.03.07"]
[Round "2"]
[White "Valsecchi, Alessio"]
[Black "Srdoc, Nenad"]
[Result "1-0"]
[WhiteElo "2360"]
[BlackElo "1949"]
[EventDate "2010.03.06"]
[PlyCount "71"]

1.e4 c6 2.c4 d5 3.exd5 cxd5 4.cxd5 Nf6 5.Nc3 Nxd5 6.Nf3 e6 7.d4 Nc6 8.Bb5 
Bb4 9.Bd2 Qb6 10.Qa4 O-O 11.O-O Nxc3 12.bxc3 Bd6 13.Bd3 Bd7 14.Qd1 Be7 15.
Re1 Bf6 16.Rb1 Qc7 17.Bg5 Bd8 18.c4 h6 19.Be3 Bf6 20.d5 exd5 21.cxd5 Nd8 
22.Qd2 Qc3 23.Qe2 Bg4 24.Rbc1 Qa5 25.Bc5 Rc8 26.Bxf8 Rxc1 27.Rxc1 Kxf8 28.
Re1 g6 29.Qd2 Qxd5 30.Qxh6+ Bg7 31.Qe3 Ne6 32.Be4 Qc5 33.Bxb7 Bf6 34.h3 
Bxf3 35.Qxc5+ Nxc5 36.Bxf3 1-0

[Event "11th EUR-ch"]
[Site "Rijeka CRO"]
[Date "2010.03.07"]
[Round "2"]
[White "Pejic, Igor"]
[Black "Grimberg, Boris"]
[Result "0-1"]
[WhiteElo "1900"]
[BlackElo "2352"]
[EventDate "2010.03.06"]
[PlyCount "46"]

1.e4 g6 2.d4 Bg7 3.Nc3 d6 4.f4 Nc6 5.Be3 Nf6 6.Nf3 e6 7.Qd2 Ne7 8.O-O-O 
O-O 9.h3 b6 10.d5 exd5 11.exd5 Bb7 12.Bc4 b5 13.Bxb5 Nexd5 14.Nxd5 Bxd5 
15.Bd4 Rb8 16.Ba4 c5 17.Bxf6 Qxf6 18.c3 Bxa2 19.Qxd6 Be6 20.Qe5 Qe7 21.Qd6
Qb7 22.Qd2 Qa6 23.Qc2 Bf5 0-1

[Event "11th EUR-ch"]
[Site "Rijeka CRO"]
[Date "2010.03.07"]
[Round "2"]
[White "Pfeifer, Antun"]
[Black "Onoprienko, Vladimir"]
[Result "0-1"]
[WhiteElo "1882"]
[BlackElo "2346"]
[EventDate "2010.03.06"]
[PlyCount "52"]

1.e4 c5 2.Nf3 g6 3.d4 cxd4 4.Qxd4 Nf6 5.Nc3 Nc6 6.Qa4 d6 7.e5 Nd7 8.exd6 
Bg7 9.Bb5 O-O 10.O-O exd6 11.Nd5 Nde5 12.Nxe5 Nxe5 13.Bf4 Be6 14.Rad1 a6 
15.Be2 Qh4 16.Qa3 Rac8 17.c3 Rfe8 18.Be3 Bg4 19.f3 Be6 20.Bf2 Qd8 21.Rfe1 
Nc4 22.Qb3 b5 23.Bxc4 Rxc4 24.Qc2 a5 25.Bb6 Qb8 26.Bxa5 Bxd5 0-1

[Event "11th EUR-ch"]
[Site "Rijeka CRO"]
[Date "2010.03.07"]
[Round "2"]
[White "Morchiashvili, Bachana"]
[Black "Nakas, Spyridon"]
[Result "1-0"]
[WhiteElo "2345"]
[BlackElo "1934"]
[EventDate "2010.03.06"]
[PlyCount "67"]

1.d4 d5 2.c4 c6 3.Nf3 Nf6 4.Nc3 dxc4 5.a4 Bf5 6.Ne5 Nbd7 7.Nxc4 Qc7 8.g3 
e5 9.dxe5 Nxe5 10.Bf4 Nfd7 11.Bg2 f6 12.O-O O-O-O 13.Ne3 Bg6 14.a5 a6 15.
Ncd5 Qd6 16.Nc4 Qe6 17.Rc1 Bc5 18.Qa4 Bf7 19.Rfd1 g5 20.Nxe5 Nxe5 21.Bxe5 
Qxe5 22.Rxc5 Kb8 23.Nxf6 Rxd1+ 24.Qxd1 Qxf6 25.Rc1 Rd8 26.Qc2 h5 27.b4 Qd4
28.Qb1 Bc4 29.e3 Qg4 30.h3 Qe6 31.Qe4 Bd5 32.Qd4 Qd7 33.Rd1 Be6 34.Qe5+ 
1-0

[Event "11th EUR-ch"]
[Site "Rijeka CRO"]
[Date "2010.03.07"]
[Round "2"]
[White "Dubrovic, Mihovil"]
[Black "Kozlitin, Roman"]
[Result "0-1"]
[WhiteElo "1849"]
[BlackElo "2344"]
[EventDate "2010.03.06"]
[PlyCount "72"]

1.e4 e5 2.Nf3 Nc6 3.Bc4 Nf6 4.d3 Be7 5.Bb3 d5 6.exd5 Nxd5 7.Bxd5 Qxd5 8.
Nc3 Qd8 9.h3 Be6 10.O-O Qd7 11.Re1 f6 12.Be3 O-O-O 13.Ne4 g5 14.Nh2 h5 15.
Bc5 g4 16.Bxe7 Qxe7 17.h4 Bd5 18.Nc3 f5 19.Nxd5 Rxd5 20.g3 Qc5 21.c4 Rd7 
22.a3 e4 23.b4 Qf8 24.Re3 Qd8 25.b5 Nb8 26.Qa4 exd3 27.Qxa7 f4 28.Re4 d2 
29.Rd1 Re8 30.Rxe8 Qxe8 31.Qa5 Qe2 32.Qa4 fxg3 33.fxg3 Qe1+ 34.Nf1 Rf7 35.
Rxe1 dxe1=Q 36.b6 Rxf1+ 0-1

[Event "11th EUR-ch"]
[Site "Rijeka CRO"]
[Date "2010.03.07"]
[Round "2"]
[White "Schiendorfer, Emanuel"]
[Black "Camber, Ivan"]
[Result "1-0"]
[WhiteElo "2340"]
[BlackElo "1911"]
[EventDate "2010.03.06"]
[PlyCount "55"]

1.d4 d5 2.c4 Nf6 3.cxd5 Nxd5 4.e4 Nf6 5.Nc3 e5 6.dxe5 Qxd1+ 7.Kxd1 Ng4 8.
Nh3 Nxe5 9.f4 Bg4+ 10.Kc2 Nec6 11.Be3 Nd7 12.Nf2 Nf6 13.h3 Nb4+ 14.Kc1 Bd7
15.a3 Nc6 16.g4 O-O-O 17.b4 a6 18.Kb2 Be8 19.Bc4 Nd4 20.e5 Ng8 21.Rhd1 Nb5
22.Nce4 Rxd1 23.Rxd1 h5 24.a4 hxg4 25.axb5 axb5 26.Be2 Bd7 27.Ra1 Be6 28.
Bxg4 1-0

[Event "11th EUR-ch"]
[Site "Rijeka CRO"]
[Date "2010.03.07"]
[Round "2"]
[White "Lekic, Lazar"]
[Black "Ramesa, Davor"]
[Result "0-1"]
[WhiteElo "1739"]
[BlackElo "2339"]
[EventDate "2010.03.06"]
[PlyCount "134"]

1.e4 c5 2.Nf3 e6 3.d4 cxd4 4.Nxd4 a6 5.Bd3 Nc6 6.Nxc6 bxc6 7.c4 Nf6 8.Nc3 
e5 9.O-O h6 10.Be3 d6 11.h3 Be7 12.Qe2 O-O 13.b4 d5 14.exd5 Bxb4 15.Bd2 
cxd5 16.Nxd5 Nxd5 17.cxd5 Bd6 18.f4 Re8 19.fxe5 Bxe5 20.Qf3 Qf6 21.Qxf6 
Bxf6 22.Rab1 Ra7 23.Rb8 Be5 24.Re1 Rae7 25.d6 Bxd6 26.Rxe7 Bxe7 27.Bxa6 
Bd6 28.Ra8 Bd7 29.Rxe8+ Bxe8 30.Bc4 Kf8 31.Bc3 f6 32.g4 Bc5+ 33.Kh2 Ke7 
34.h4 Bd6+ 35.Kh3 Bd7 36.a4 h5 37.Be2 hxg4+ 38.Bxg4 Bxa4 39.h5 Bc2 40.Kg2 
Be4+ 41.Kf2 Bf4 42.Bb2 Kf7 43.Bc3 Kg8 44.Be6+ Kh7 45.Bf7 Kh6 46.Bb4 Bc2 
47.Ke2 Be5 48.Bd2+ Kh7 49.Be3 Bg3 50.Kf3 Bh4 51.Kg4 Be1 52.Bf4 Kh8 53.Be3 
Bc3 54.Bf4 Bd1+ 55.Kf5 Ba4 56.Kg4 Bd7+ 57.Kf3 Bf5 58.Be3 Be5 59.Bd2 Bd4 
60.Bf4 Bc3 61.Kf2 Be5 62.Bxe5 fxe5 63.Bg6 Be6 64.Ke3 Bd5 65.Kd3 Kg8 66.Ke3
Kf8 67.Kf2 Bf7 0-1

[Event "11th EUR-ch"]
[Site "Rijeka CRO"]
[Date "2010.03.07"]
[Round "2"]
[White "Lorscheid, Gerhard"]
[Black "Jambresic, Jurica"]
[Result "1-0"]
[WhiteElo "2328"]
[BlackElo "1877"]
[EventDate "2010.03.06"]
[PlyCount "103"]

1.d4 d5 2.c4 e6 3.Nc3 Nf6 4.cxd5 exd5 5.Bg5 c6 6.e3 Bf5 7.Qf3 Bg6 8.Bxf6 
Qxf6 9.Qxf6 gxf6 10.Kd2 Nd7 11.h4 h5 12.Bd3 b5 13.Nh3 Bb4 14.Rhc1 O-O 15.
Nf4 Kh7 16.Kd1 Bd6 17.Nce2 Rac8 18.a4 b4 19.Rc2 Bxd3 20.Nxd3 Rc7 21.Nec1 
Nb6 22.Nb3 Nc4 23.Ke2 Kh6 24.Rac1 Rfc8 25.g3 Kg6 26.Nbc5 a5 27.Nb3 Kh6 28.
Nd2 Nb6 29.b3 Nd7 30.Kf3 f5 31.Ke2 Kg6 32.Nf3 f6 33.Nfe1 c5 34.dxc5 Nxc5 
35.Nxc5 Rxc5 36.Rxc5 Rxc5 37.Rxc5 Bxc5 38.Nd3 Bd6 39.Kf3 Kf7 40.Nf4 Bxf4 
41.Kxf4 Ke6 42.f3 d4 43.exd4 Kd5 44.Ke3 f4+ 45.gxf4 f5 46.Kd3 Kd6 47.Kc4 
Kc6 48.d5+ Kd6 49.Kd4 Kd7 50.Ke5 Ke7 51.Kxf5 Kd6 52.Ke4 1-0

[Event "11th EUR-ch"]
[Site "Rijeka CRO"]
[Date "2010.03.07"]
[Round "2"]
[White "Mravic, Filip"]
[Black "Plenca, Julijan"]
[Result "0-1"]
[WhiteElo "1718"]
[BlackElo "2323"]
[EventDate "2010.03.06"]
[PlyCount "48"]

1.Nf3 d5 2.c4 d4 3.e3 c5 4.d3 Nc6 5.e4 e5 6.g3 Nf6 7.Bg2 Be7 8.O-O O-O 9.
h3 Ne8 10.Ne1 f5 11.f4 fxe4 12.dxe4 Be6 13.b3 g6 14.Nd3 Bd6 15.Qe2 Ng7 16.
g4 exf4 17.e5 Bc7 18.Bxc6 bxc6 19.Nxc5 d3 20.Qe4 Bb6 21.b4 Qh4 22.Qf3 h5 
23.Kh2 hxg4 24.Nxe6 gxf3 0-1

[Event "11th EUR-ch"]
[Site "Rijeka CRO"]
[Date "2010.03.07"]
[Round "2"]
[White "Sarbok, Torsten"]
[Black "Winkler, Stefan"]
[Result "1-0"]
[WhiteElo "2319"]
[BlackElo "1855"]
[EventDate "2010.03.06"]
[PlyCount "67"]

1.e4 e6 2.d4 d5 3.Nc3 Nf6 4.Bg5 Be7 5.e5 Nfd7 6.Bxe7 Qxe7 7.Nb5 Nf8 8.c3 
Ng6 9.Nf3 O-O 10.h4 a6 11.Na3 Rd8 12.h5 Nf8 13.Qd2 c5 14.dxc5 Nc6 15.Qe3 
f6 16.exf6 Qxf6 17.O-O-O e5 18.h6 g6 19.Qg5 Qf5 20.Nc2 Ne6 21.Qxf5 gxf5 
22.Ne3 e4 23.Nh4 Nxc5 24.Rxd5 Rxd5 25.Nxd5 Ra7 26.b4 Nd3+ 27.Bxd3 exd3 28.
Nf6+ Kf7 29.Nxh7 Ne5 30.Ng5+ Kg8 31.Re1 d2+ 32.Kxd2 Nc4+ 33.Kc1 Bd7 34.h7+
1-0

[Event "11th EUR-ch"]
[Site "Rijeka CRO"]
[Date "2010.03.07"]
[Round "2"]
[White "Mateta, Marin"]
[Black "Sandalakis, Angelos"]
[Result "0-1"]
[WhiteElo "1687"]
[BlackElo "2319"]
[EventDate "2010.03.06"]
[PlyCount "108"]

1.e4 c5 2.Nc3 e6 3.Nf3 a6 4.a4 Nc6 5.d4 cxd4 6.Nxd4 Qc7 7.Nxc6 bxc6 8.Bd3 
e5 9.O-O Bc5 10.Qg4 g6 11.Qf3 d6 12.Bc4 Be6 13.Bxe6 fxe6 14.Be3 Bd4 15.Nd1
Qf7 16.Qe2 Nf6 17.c3 Bxe3 18.fxe3 O-O 19.Qd3 d5 20.exd5 exd5 21.b4 Qc7 22.
h3 e4 23.Qd4 Nh5 24.Nf2 Ng3 25.Rfe1 h5 26.c4 Rf5 27.cxd5 cxd5 28.Qd2 Kh7 
29.Rac1 Qd7 30.Qc2 Ra7 31.Qc6 Qg7 32.h4 Qb2 33.Nh3 Ne2+ 34.Kh2 Qe5+ 35.Kh1
Nxc1 36.Nf4 Rxf4 37.exf4 Qxf4 38.Qxc1 Qxh4+ 39.Kg1 Qe7 40.Qc5 Qxc5+ 41.
bxc5 Rc7 42.Rc1 Kg7 43.Kf2 Kf6 44.Ke3 Ke5 45.Rb1 d4+ 46.Kd2 e3+ 47.Kd3 
Rxc5 48.Rb6 Rc3+ 49.Ke2 Rc2+ 50.Kf3 Rf2+ 51.Kg3 Rf6 52.a5 e2 53.Rxf6 e1=Q+
54.Rf2 h4+ 0-1

[Event "11th EUR-ch"]
[Site "Rijeka CRO"]
[Date "2010.03.07"]
[Round "2"]
[White "Bohnisch, Manfred"]
[Black "Gandolfi, Gianfranco"]
[Result "1-0"]
[WhiteElo "2316"]
[BlackElo "1780"]
[EventDate "2010.03.06"]
[PlyCount "63"]

1.d4 Nf6 2.Bg5 Ne4 3.Bf4 c5 4.f3 Nf6 5.dxc5 Qa5+ 6.Nc3 Qxc5 7.e4 d6 8.Nge2
Nc6 9.Qd2 g6 10.Be3 Qa5 11.Nd5 Qxd2+ 12.Bxd2 Nxd5 13.exd5 Ne5 14.Bc3 f6 
15.f4 Ng4 16.Bd4 Bg7 17.h3 Nh6 18.Nc3 Bd7 19.Bb5 a6 20.Bxd7+ Kxd7 21.O-O-O
b5 22.g4 Rhb8 23.Rhe1 Nf7 24.g5 Bh8 25.h4 f5 26.h5 Bxd4 27.Rxd4 Rb7 28.Rd3
Ke8 29.hxg6 hxg6 30.Re6 Nh8 31.Rh3 Kf8 32.Rxh8+ 1-0

[Event "11th EUR-ch"]
[Site "Rijeka CRO"]
[Date "2010.03.07"]
[Round "2"]
[White "Rafaelic, Denis"]
[Black "Chudinovskikh, Alexander"]
[Result "0-1"]
[WhiteElo "1714"]
[BlackElo "2314"]
[EventDate "2010.03.06"]
[PlyCount "59"]

1.d4 Nf6 2.c4 e6 3.Nc3 Bb4 4.Bg5 h6 5.Bxf6 Qxf6 6.e3 c5 7.Nf3 Bxc3+ 8.bxc3
Nc6 9.Be2 O-O 10.O-O d6 11.Qc2 e5 12.Qb2 Rb8 13.Rad1 Bf5 14.Qb5 Rfc8 15.
Rfe1 b6 16.d5 Ne7 17.Nd2 e4 18.Qb2 Re8 19.a4 Ng6 20.Nf1 Qh4 21.Ng3 Bg4 22.
Bxg4 Qxg4 23.Qe2 Qd7 24.Ra1 Kh7 25.Qh5 Re5 26.Qd1 f5 27.f4 exf3 28.gxf3 
Rbe8 29.Qd3 f4 30.e4 0-1

[Event "11th EUR-ch"]
[Site "Rijeka CRO"]
[Date "2010.03.07"]
[Round "2"]
[White "Medancic, Rikard"]
[Black "Cabrijan, Ivan"]
[Result "1-0"]
[WhiteElo "2311"]
[BlackElo "1811"]
[EventDate "2010.03.06"]
[PlyCount "69"]

1.d4 d5 2.Bg5 Nf6 3.Bxf6 exf6 4.e3 Be7 5.Bd3 g6 6.Qf3 c6 7.Nd2 Nd7 8.Ne2 
b5 9.e4 Bb7 10.exd5 cxd5 11.Bxb5 O-O 12.h4 Rb8 13.h5 f5 14.Bd3 Bg5 15.Nb3 
Ba8 16.Qg3 Kh8 17.f4 Bf6 18.hxg6 fxg6 19.O-O-O Rg8 20.Bxf5 Nf8 21.Bd3 Rg7 
22.Qh3 Bb7 23.g4 Bc8 24.Qf3 Qb6 25.g5 Be7 26.Nc3 Be6 27.Nxd5 Bxd5 28.Qxd5 
Bd6 29.Rdf1 Qc7 30.f5 Bf4+ 31.Kb1 Bxg5 32.fxg6 Bf4 33.gxh7 a5 34.Rfg1 a4 
35.Qg8+ 1-0

[Event "11th EUR-ch"]
[Site "Rijeka CRO"]
[Date "2010.03.07"]
[Round "2"]
[White "Zelic, Mladen"]
[Black "Krsnik Cohar, Ivan Vihor"]
[Result "1-0"]
[WhiteElo "2306"]
[BlackElo "1718"]
[EventDate "2010.03.06"]
[PlyCount "51"]

1.e4 d5 2.exd5 Qxd5 3.d4 Nf6 4.Nf3 Bg4 5.Be2 e6 6.O-O Be7 7.h3 Bh5 8.c4 
Qd8 9.Nc3 c6 10.Be3 O-O 11.Ne5 Bxe2 12.Qxe2 Nbd7 13.Rad1 Qc7 14.f4 Rad8 
15.Bf2 a6 16.Bh4 Nxe5 17.fxe5 Ne8 18.Bxe7 Qxe7 19.Ne4 h6 20.Rd3 b6 21.Rf4 
Qb4 22.Rg3 Kh8 23.Nf6 Nxf6 24.exf6 g6 25.Rh4 Qd6 26.Qe3 1-0

[Event "11th EUR-ch"]
[Site "Rijeka CRO"]
[Date "2010.03.07"]
[Round "2"]
[White "Dubrovic, Rafael"]
[Black "Wittmann, Walter"]
[Result "0-1"]
[WhiteElo "1577"]
[BlackElo "2302"]
[EventDate "2010.03.06"]
[PlyCount "34"]

1.d4 Nf6 2.c4 g6 3.Nc3 d5 4.Bf4 Bg7 5.e3 c5 6.Nf3 O-O 7.Bd3 cxd4 8.Nxd4 
dxc4 9.Bxc4 Nbd7 10.O-O e5 11.Bg5 exd4 12.Qxd4 h6 13.Bh4 Nb6 14.Qc5 Nxc4 
15.Qxc4 Qb6 16.b3 Be6 17.Qf4 Nh5 0-1

[Event "11th EUR-ch"]
[Site "Rijeka CRO"]
[Date "2010.03.07"]
[Round "2"]
[White "Bakalarz, Mieczyslaw"]
[Black "Russo, Carmelo"]
[Result "1-0"]
[WhiteElo "2300"]
[BlackElo "1714"]
[EventDate "2010.03.06"]
[PlyCount "73"]

1.e4 c6 2.d4 d5 3.exd5 cxd5 4.Bd3 Nc6 5.c3 e6 6.Nf3 Bd6 7.O-O Qc7 8.Bg5 
Bf4 9.Re1 Nge7 10.Bxf4 Qxf4 11.g3 Qf6 12.Nbd2 O-O 13.Nf1 Ng6 14.h4 Re8 15.
N1h2 e5 16.Bxg6 hxg6 17.dxe5 Nxe5 18.Qxd5 Nxf3+ 19.Qxf3 Be6 20.Qxf6 gxf6 
21.Nf3 Bd5 22.Nd4 a6 23.f3 Kf8 24.Rxe8+ Rxe8 25.Kf2 Re5 26.b3 b5 27.a4 Bb7
28.axb5 axb5 29.Ra5 Re8 30.Rxb5 Ba6 31.Rb6 Bd3 32.Rxf6 Ra8 33.Ke3 Bf1 34.
c4 Ra1 35.g4 Rd1 36.Rd6 Ke7 37.Nf5+ 1-0

[Event "11th EUR-ch"]
[Site "Rijeka CRO"]
[Date "2010.03.07"]
[Round "2"]
[White "Katzir, Moshe"]
[Black "Plenca, Jadranko"]
[Result "1-0"]
[WhiteElo "2288"]
[BlackElo "1718"]
[EventDate "2010.03.06"]
[PlyCount "63"]

1.e4 e5 2.Bc4 Nc6 3.Nf3 Nf6 4.d3 Bc5 5.O-O d6 6.c3 Bg4 7.h3 Bd7 8.d4 Bb6 
9.dxe5 dxe5 10.Bg5 h6 11.Bxf6 Qxf6 12.Nbd2 O-O-O 13.b4 g5 14.a4 a5 15.Nh2 
g4 16.Nxg4 Qf4 17.Ra2 Rhg8 18.Qf3 Bxg4 19.Qxf4 exf4 20.hxg4 Rxg4 21.Bxf7 
Rg3 22.Nc4 Rxc3 23.bxa5 Bc5 24.a6 bxa6 25.Be6+ Kb8 26.Rb2+ Ka7 27.Bd5 Nb4 
28.Ne5 Rd6 29.a5 c6 30.Bf7 Rd4 31.Rfb1 Rxe4 32.Nxc6+ 1-0

[Event "11th EUR-ch"]
[Site "Rijeka CRO"]
[Date "2010.03.07"]
[Round "2"]
[White "Pesotskyi, Vitaly"]
[Black "Dubrovic, Gabriel"]
[Result "1-0"]
[WhiteElo "2282"]
[BlackElo "1606"]
[EventDate "2010.03.06"]
[PlyCount "39"]

1.e4 c5 2.Nf3 a6 3.c4 Nc6 4.d4 cxd4 5.Nxd4 e5 6.Nc2 Nf6 7.Nc3 h6 8.Be3 d6 
9.Be2 Be7 10.O-O O-O 11.f3 Be6 12.Nd5 Re8 13.Bb6 Qd7 14.Nc7 Rac8 15.Nxe8 
Nxe8 16.Ne3 f5 17.exf5 Bxf5 18.f4 exf4 19.Nxf5 Qxf5 20.Bg4 1-0

[Event "11th EUR-ch"]
[Site "Rijeka CRO"]
[Date "2010.03.07"]
[Round "2"]
[White "Veleski, Robert"]
[Black "Tomulic, Teo"]
[Result "1-0"]
[WhiteElo "2278"]
[BlackElo "1577"]
[EventDate "2010.03.06"]
[PlyCount "63"]

1.d4 e6 2.Nf3 Nf6 3.c3 d5 4.Bg5 Be7 5.e3 c6 6.Bd3 Nbd7 7.Nbd2 h6 8.Bh4 O-O
9.Rc1 Re8 10.O-O Ng4 11.Bxe7 Qxe7 12.e4 Ngf6 13.e5 Nh7 14.Qc2 Ng5 15.Nxg5 
Qxg5 16.f4 Qe7 17.b4 b6 18.f5 exf5 19.Rxf5 c5 20.bxc5 bxc5 21.Rcf1 Rf8 22.
R5f4 c4 23.Bh7+ Kh8 24.Bf5 Nb6 25.Bxc8 Raxc8 26.Nf3 Rc6 27.Nh4 Nc8 28.Qf2 
Kh7 29.g3 Kg8 30.Rg4 Qd7 31.Nf5 Rg6 32.Rxg6 1-0

[Event "11th EUR-ch"]
[Site "Rijeka CRO"]
[Date "2010.03.07"]
[Round "2"]
[White "Cucancic, Sinisa"]
[Black "Tica, Sven"]
[Result "1-0"]
[WhiteElo "2271"]
[BlackElo "1562"]
[EventDate "2010.03.06"]
[PlyCount "57"]

1.e4 e5 2.Nf3 Nf6 3.d4 Nxe4 4.Bd3 d5 5.Nxe5 Bd6 6.O-O O-O 7.c4 c6 8.Qc2 
Nf6 9.c5 Be7 10.Bf4 Be6 11.Nd2 h6 12.h3 Nbd7 13.b4 Nxe5 14.Bxe5 b5 15.f4 
Nd7 16.f5 Nxe5 17.dxe5 Bd7 18.Nb3 Bg5 19.Rae1 Re8 20.Nd4 Kh8 21.Qf2 Bh4 
22.g3 Qg5 23.Kh2 Bxg3+ 24.Qxg3 Qd2+ 25.Re2 Qxb4 26.Rg1 Rg8 27.Qh4 Qc3 28.
Rg3 Qxc5 29.f6 1-0

[Event "11th EUR-ch"]
[Site "Rijeka CRO"]
[Date "2010.03.07"]
[Round "2"]
[White "Bach, Adrian-Kalman"]
[Black "Sahitaj, Naim"]
[Result "0-1"]
[WhiteElo "2251"]
[BlackElo "1562"]
[EventDate "2010.03.06"]
[PlyCount "46"]

1.e4 c5 2.Nf3 e6 3.d4 cxd4 4.Nxd4 a6 5.Bd3 Nf6 6.O-O Qc7 7.Qe2 d6 8.c4 
Nbd7 9.b3 b6 10.Bb2 Bb7 11.Nd2 Be7 12.f4 O-O 13.Rae1 g6 14.Rf3 Nc5 15.Bb1 
e5 16.Nc2 Nfxe4 17.Re3 f5 18.Nb4 exf4 19.Rh3 Bf6 20.Bxf6 Nxf6 21.Rf1 Rae8 
22.Qf2 Nce4 23.Nxe4 fxe4 0-1

[Event "11th EUR-ch"]
[Site "Rijeka CRO"]
[Date "2010.03.08"]
[Round "3"]
[White "Rakhmanov, Alexander"]
[Black "Volokytin, Andriy"]
[Result "1/2-1/2"]
[WhiteElo "2584"]
[BlackElo "2687"]
[EventDate "2010.03.06"]
[PlyCount "125"]

1.d4 Nf6 2.c4 e6 3.Nc3 Bb4 4.e3 b6 5.f3 c5 6.d5 O-O 7.Ne2 b5 8.dxe6 fxe6 
9.cxb5 d5 10.Bd2 d4 11.exd4 cxd4 12.Ne4 Bxd2+ 13.Nxd2 a6 14.Qa4 e5 15.Ng3 
Kh8 16.Bd3 Nbd7 17.Qa3 Qb6 18.Rc1 Bb7 19.Nc4 Qd8 20.Nd6 axb5 21.Nxb7 Qb6 
22.Qd6 Qxb7 23.Rc7 Qb6 24.Rxd7 Nxd7 25.Qxd7 Qh6 26.Nf5 Qc1+ 27.Kf2 Qd2+ 
28.Be2 Qg5 29.g4 Rad8 30.h4 Qf6 31.Qe7 Qxe7 32.Nxe7 e4 33.Nc6 Rd6 34.Nb4 
d3 35.Bd1 exf3 36.a3 d2 37.Rh3 Re6 38.Nc2 h5 39.g5 Rfe8 40.Rxf3 Re1 41.Ne3
g6 42.Bb3 Kg7 43.Rf7+ Kh8 44.Nd1 Rh1 45.Rf4 Ree1 46.Rd4 Rhf1+ 47.Kg3 Rxd1 
48.Bxd1 Rxd1 49.Kf3 Rh1 50.Rxd2 Rxh4 51.Rd8+ Kg7 52.Rb8 b4 53.axb4 Kf7 54.
b5 Rb4 55.Rb6 Rxb2 56.Rf6+ Kg7 57.b6 Rb4 58.Rc6 Kf7 59.Ke3 h4 60.Kf3 Rb3+ 
61.Kg4 h3 62.Rc7+ Kg8 63.Rc8+ 1/2-1/2

[Event "11th EUR-ch"]
[Site "Rijeka CRO"]
[Date "2010.03.08"]
[Round "3"]
[White "Georgiev, Kiril"]
[Black "Gutov, Andrey"]
[Result "1-0"]
[WhiteElo "2669"]
[BlackElo "2437"]
[EventDate "2010.03.06"]
[PlyCount "35"]

1.d4 Nf6 2.c4 e6 3.g3 d5 4.Bg2 dxc4 5.Nf3 Nc6 6.Qa4 Bb4+ 7.Bd2 Nd5 8.Bxb4 
Nxb4 9.Nc3 Bd7 10.O-O Rb8 11.Qb5 Nc2 12.Rad1 N2xd4 13.Nxd4 Nxd4 14.Qc5 Nf5
15.Nb5 c6 16.Nd6+ Nxd6 17.Rxd6 b6 18.Qxc4 1-0

[Event "11th EUR-ch"]
[Site "Rijeka CRO"]
[Date "2010.03.08"]
[Round "3"]
[White "Savchenko, Boris"]
[Black "Delorme, Axel"]
[Result "1-0"]
[WhiteElo "2652"]
[BlackElo "2429"]
[EventDate "2010.03.06"]
[PlyCount "67"]

1.e4 e5 2.Nf3 Nc6 3.c3 d5 4.Qa4 f6 5.d3 Be6 6.Be2 Bd6 7.b4 Ne7 8.Nbd2 O-O 
9.b5 Nb8 10.d4 Nd7 11.c4 c6 12.bxc6 bxc6 13.O-O Bf7 14.Bb2 exd4 15.cxd5 
cxd5 16.Bxd4 Nc5 17.Bxc5 Bxc5 18.e5 Ng6 19.Rac1 Bb6 20.exf6 Qxf6 21.Rc6 
Be8 22.Rxf6 Bxa4 23.Rxf8+ Rxf8 24.g3 Rc8 25.Bd3 Re8 26.Rc1 Ne5 27.Nxe5 
Rxe5 28.Kf1 g6 29.Nb3 Bxb3 30.axb3 Re7 31.Be2 Rc7 32.Rd1 Rc3 33.Rxd5 Rxb3 
34.f4 1-0